Electrical Measurements And Measuring Instruments (Record no. 164932)

MARC details
000 -LEADER
fixed length control field 00513nam a2200193Ia 4500
008 - FIXED-LENGTH DATA ELEMENTS--GENERAL INFORMATION
fixed length control field 230612s9999 xx 000 0 und d
041 ## - LANGUAGE CODE
Language code of text/sound track or separate title eng
082 ## - DEWEY DECIMAL CLASSIFICATION NUMBER
Classification number 621.3815'3 GOL
100 ## - MAIN ENTRY--PERSONAL NAME
Personal name Golding E.W.
245 ## - TITLE STATEMENT
Title Electrical Measurements And Measuring Instruments
250 ## - EDITION STATEMENT
Edition statement 5th ed.
260 ## - PUBLICATION, DISTRIBUTION, ETC. (IMPRINT)
Date of publication, distribution, etc. 1979
Name of publisher, distributor, etc. A. H. Wheeler & Co. Ltd.
300 ## - PHYSICAL DESCRIPTION
Extent 952
365 ## - TRADE PRICE
Currency code Rs.
Price amount 150.00
500 ## - GENERAL NOTE
Keywords D.
700 ## - ADDED ENTRY--PERSONAL NAME
Personal name Golding E.W. & Widdis F.C.
906 ## - LOCAL DATA ELEMENT F, LDF (RLIN)
d B:18-Jul-1992
c ELECT
b 22.5
Holdings
Withdrawn status Lost status Damaged status Not for loan Home library Current library Date acquired Vendor Budget Code Cost, normal purchase price Bill number Total Checkouts Full call number Barcode Date last seen Discount Cost, replacement price Bill Date Koha item type Original Barcode
        Cummins College of Engineering for Women Pune Cummins College of Engineering for Women Pune 25/07/1992 Varma Book Distributors ELECT 127.50 9094   621.3815'3 GOL CCEP-BK-649 12/06/2023 22.5 150.00 18/07/1992 Books 000649